000 00207nam a22000857a 4500
001 1301039
005 20260427113542.0
245 _aKENDİNİ ASLAN SANAN ŞOLA
_cBERNARDO ATXAGA
260 _bGÜNIŞIĞI YAYINLARI
999 _c1301039
_d1301039